书目信息 |
| 题名: |
当代社会学理论
|
|
| 作者: | 波洛玛 著 ;孙立平 译 | |
| 分册: | ||
| 出版信息: | 北京 华夏出版社 1989.4 |
|
| 页数: | 343页 | |
| 开本: | 20cm | |
| 丛书名: | 二十世纪文库 | |
| 单 册: | ||
| 中图分类: | C910 | |
| 科图分类: | ||
| 主题词: | 社会学 | |
| 电子资源: | ||
| ISBN: | 7-80053-364-6 | |
| 000 | 00947cam2 2200289 450 | |
| 001 | 1569632905 | |
| 005 | 20150126192048.06 | |
| 010 | @a7-80053-364-6@dCNY4.65 | |
| 020 | @aCN@b89008094 | |
| 100 | @a20021005d1989 m y0chiy0110 ea | |
| 101 | 1 | @achi@ceng |
| 102 | @aCN@b110000 | |
| 105 | @ay z 000yy | |
| 200 | 1 | @a当代社会学理论@9dang dai she hui xue li lun@f(美)波洛玛(Poloma,M.M.)著@g孙立平译 |
| 210 | @a北京@c华夏出版社@d1989.4 | |
| 215 | @a343页@d20cm | |
| 225 | 2 | @a二十世纪文库@f邓朴方主编 |
| 300 | @a书名原文:Contemporary socioloyical theory | |
| 330 | @a本书作者全面而又通俗地介绍了西方社会学各流派的主要理论观点,并分类进行了评价。 | |
| 461 | 0 | @12001 @a二十世纪文库 |
| 510 | 1 | @aContemporary socioloyical theory@zeng |
| 606 | 0 | @a社会学 |
| 690 | @aC910@v1980 | |
| 701 | 0 | @c(美)@a波洛玛@9bo luo ma@c(Poloma,M.M.)@4著 |
| 702 | 0 | @a孙立平@9sun li ping@4译 |
| 801 | 0 | @aCN@bTSSF@c20150126 |
| 905 | @aZUCC@dC910@eJY1 | |
| 当代社会学理论/(美)波洛玛(Poloma,M.M.)著/孙立平译.-北京:华夏出版社,1989.4 |
| 343页;20cm.-(二十世纪文库/邓朴方主编) |
| 书名原文:Contemporary socioloyical theory |
| ISBN 7-80053-364-6:CNY4.65 |
| 本书作者全面而又通俗地介绍了西方社会学各流派的主要理论观点,并分类进行了评价。 |
| ● |
| 相关链接 |
|
|
|
|
正题名:当代社会学理论
索取号:C910/JY1
 
预约/预借
| 序号 | 登录号 | 条形码 | 馆藏地/架位号 | 状态 | 备注 |
| 1 | 7859973 | 278599731 | 学院路分馆/ [索取号:C910/JY1] | 在馆 |